• 首页
  • 本馆介绍
  • 公告通知
  • 最新文献
  • 馆藏检索
  • 电子资源
  • 读者导购
  • 参考咨询
  • 我的图书馆
  • 登录
  • 详细信息显示
  • 放入我的书架
  • 预约/预借图书
  • 作者相关作品
  • 分类相关作品
  • 丛书相关作品
  • 出版社相关作品

书目信息

  • 表格格式
  • 工作单格式
  • 卡片格式
题名:
人类神秘现象全记录
    
 
作者: 罗森 主编
分册:  
出版信息: 北京   中国方正出版社  2003
页数: 278页
开本: 20cm
丛书名: 发现系列
单 册:
中图分类: Q98-49
科图分类:
主题词: 人类学--普及读物 , 人类学
电子资源:
ISBN: 7-80107-465-3
000 00885oam2 2200277 450
001 0123456210072
005 20070730143718.67
010    @a7-80107-465-3@dCNY24.50
100    @a20040708d2003 em y0chiy0110 ea
101 0  @achi
102    @aCN@b110000
105    @aaf z 000yy
200 1  @a人类神秘现象全记录@Aren lei shen mi xian xiang quan ji lu@f罗森主编
210    @a北京@c中国方正出版社@d2003
215    @a278页@c图,图版(6页)@d20cm
225 2  @a发现系列
304    @a封面责任者题:郁青编
330    @a本书为发现系列丛书之一,共4章,包括探寻人类源头;人类中的奇特一族;人类的超感知觉等内容。
461  0 @12001 @a发现系列
517 1  @a揭开双面少女的面纱@Ajie kai shuang mian shao nu^ de mian sha
606 0  @a人类学@j普及读物
606 0  @a人类学
690    @aQ98-49@v4
701  0 @a罗森@Aluo sen@4主编
801  0 @aCN@bWHC@c20070730
905    @a10447@dQ98-49@e27
    
    人类神秘现象全记录/罗森主编.-北京:中国方正出版社,2003
    278页:图,图版(6页);20cm.-(发现系列)
    
    
    ISBN 7-80107-465-3:CNY24.50
    本书为发现系列丛书之一,共4章,包括探寻人类源头;人类中的奇特一族;人类的超感知觉等内容。
●
相关链接 在E读中查询图书 在五车中查询图书 在当当中查询图书 在豆瓣中查询图书


正题名:人类神秘现象全记录     索取号:Q98-49/27         预约/预借

序号 登录号 条形码 馆藏地/架位号 状态 备注
1 0789520   207895205   第二样本阅览室/ [索取号:Q98-49/27] 在馆    
2 0789521   207895214   第三借阅区/ [索取号:Q98-49/27] 在馆    
3 0789522   207895223   第三借阅区/ [索取号:Q98-49/27] 在馆    
4 0789523   207895232   第三借阅区/ [索取号:Q98-49/27] 在馆    
5 0789524   207895241   第三借阅区/ [索取号:Q98-49/27] 在馆    
唐山师范学院图书馆 欢迎您!
大连网信软件有限公司© 版权所有